00881nam a22002177a 4500999001700000003000900017008004100026040007100067082001800138100002900156245007500185260007000260300004400330505004200374650003600416650004000452650003600492942001600528945002100544952009800565 c18777d18777AR-CdUCM190515b ||||| |||| 00| 0 spa d aMUNICIPALIDAD PROVINCIAL DEL CUSCOcBIBLIOTECA MUNICIPAL DEL CUSCO a985.04 /bR24 aRázuri, José Vicente aJosé Andrés Rázuri :bheroico gestor de nuestra emancipación / aLima :bTallrs. de la Impr. Colegio Militar Leoncio Prado,c1954. a126 páginas ;bFotografías,c22 cm. aContenido: Biografías históricas. aBiografías históricas96252 aPrócer de la independencia939576 aIndependencia del Perú912556 2ddccLIBROS adavvd2019-05-15 002ddc4070aSHbSHcCARTd2019-05-15g30.00o985.04 / R24pSH0000013770r2019-05-15yLIBROS